<?xml version="1.0" encoding="UTF-8"?>
<record
    xmlns:xsi="http://www.w3.org/2001/XMLSchema-instance"
    xsi:schemaLocation="http://www.loc.gov/MARC21/slim http://www.loc.gov/standards/marcxml/schema/MARC21slim.xsd"
    xmlns="http://www.loc.gov/MARC21/slim">

  <leader>01427nab a22002057a 4500</leader>
  <datafield tag="999" ind1=" " ind2=" ">
    <subfield code="c">6076</subfield>
    <subfield code="d">6076</subfield>
  </datafield>
  <controlfield tag="003">OSt</controlfield>
  <controlfield tag="005">20260121181302.0</controlfield>
  <controlfield tag="008">190502c        xxu||||| |||| 00| 0 spa d</controlfield>
  <datafield tag="040" ind1=" " ind2=" ">
    <subfield code="c">PJ</subfield>
  </datafield>
  <datafield tag="100" ind1=" " ind2=" ">
    <subfield code="9">4831</subfield>
    <subfield code="a">Sandhagen, Alberto</subfield>
  </datafield>
  <datafield tag="245" ind1="1" ind2="3">
    <subfield code="a">El delito de falsedad ideol&#xF3;gica de documento p&#xFA;blico /</subfield>
    <subfield code="c">Alberto Sandhagen.</subfield>
  </datafield>
  <datafield tag="260" ind1=" " ind2=" ">
    <subfield code="a">Ciudad Aut&#xF3;noma de Buenos Aires :</subfield>
    <subfield code="b">Thomson Reuters La Ley,</subfield>
    <subfield code="c">2024.</subfield>
  </datafield>
  <datafield tag="300" ind1=" " ind2=" ">
    <subfield code="a">p. 3-35</subfield>
  </datafield>
  <datafield tag="505" ind1=" " ind2=" ">
    <subfield code="a">Sumario: I. Objeto del trabajo.&#x2014; II. Bien jur&#xED;dico protegido.&#x2014; III. Noci&#xF3;n de falsedad ideol&#xF3;gica.&#x2014; IV. Las acciones establecidas en el tipo penal.&#x2014; V. El elemento normativo del tipo penal.&#x2014; VI. La premisa relativa a un hecho que el documento deba probar.&#x2014; VII. El perjuicio que debe provocar la conducta de la figura penal.&#x2014; VIII. Sujetos del delito de falsedad ideol&#xF3;gica.&#x2014; IX. Consumaci&#xF3;n y tentativa.&#x2014; X. Tipo subjetivo.&#x2014; XI. El instituto de la simulaci&#xF3;n.&#x2014; XII. Causas de justificaci&#xF3;n.&#x2014; XIII. Concursos de delitos.&#x2014; XIV. Circunstancia agravante del art. 293.&#x2014; XV. La pena establecida en el delito.&#x2014; XVI. Final.

</subfield>
  </datafield>
  <datafield tag="505" ind1=" " ind2=" ">
    <subfield code="t">&#xBF;Te interesa el texto completo? Solicitalo al correo: koha@justierradelfuego.gov.ar</subfield>
  </datafield>
  <datafield tag="650" ind1=" " ind2="0">
    <subfield code="9">343</subfield>
    <subfield code="a">DERECHO PENAL</subfield>
  </datafield>
  <datafield tag="650" ind1=" " ind2="0">
    <subfield code="9">6851</subfield>
    <subfield code="a">FALSEDAD IDEOL&#xD3;GICA</subfield>
  </datafield>
  <datafield tag="773" ind1="0" ind2=" ">
    <subfield code="0">2729</subfield>
    <subfield code="9">3180</subfield>
    <subfield code="d">Buenos Aires : LexisNexis,  2006-</subfield>
    <subfield code="t">Revista de derecho penal y procesal penal. N&#xBA; 3 - Marzo 2024</subfield>
    <subfield code="z">9875920622</subfield>
  </datafield>
  <datafield tag="942" ind1=" " ind2=" ">
    <subfield code="2">udc</subfield>
    <subfield code="c">ANA</subfield>
  </datafield>
</record>
